000
00340nam a2200157Ia 4500
008
221030s9999 xx 000 0 und d
041
_a
English
082
_a
105.23
100
_a
Rahul Sharma/239
245
0
_a
File Management System
250
_a
2001
260
_a
Jammu
_c
2001
300
_a
2001
650
_a
Computers
942
_c
TH
999
_c
670
_d
670